000 00677nam a2200205Ia 4500
003 IEPS
005 20251216091037.0
008 250515s9999 xx 000 0 und d
040 _cIEPS
041 _aara
082 _b796
100 _aزاوي, عقيلة
245 0 _aمطبوعة محاضرات مقياس : منهجية البحث العلمي
260 _aالجزائر
_c2022
300 _a120 و.
_c30 سم.
653 _aمنهجية البحث العلمي
710 _aمعهد التربية البدنية و الرياضية، جامعة الجزائر 3
856 _u https://dspace.univ-alger3.dz/jspui/handle/123456789/7956
942 _cHANDOUT
999 _c19249
_d19249